Asan Kavitha:Adhunikananthara Padangal (Record no. 103649)

MARC details
000 -LEADER
fixed length control field 00528nam a2200169Ia 4500
003 - CONTROL NUMBER IDENTIFIER
control field OSt
005 - DATE AND TIME OF LATEST TRANSACTION
control field 20220412062007.0
008 - FIXED-LENGTH DATA ELEMENTS--GENERAL INFORMATION
fixed length control field 211118s9999||||xx |||||||||||||| ||und||
040 ## - CATALOGING SOURCE
Transcribing agency sbcl
082 ## - DEWEY DECIMAL CLASSIFICATION NUMBER
Classification number 894.8121
Item number PAV-A
100 ## - MAIN ENTRY--PERSONAL NAME
Personal name Pavithran, P
245 #0 - TITLE STATEMENT
Title Asan Kavitha:Adhunikananthara Padangal
260 ## - PUBLICATION, DISTRIBUTION, ETC.
Name of publisher, distributor, etc. Department of Cultural Publications
Place of publication, distribution, etc. Thiruvananthapuram
Date of publication, distribution, etc. 2002
630 ## - SUBJECT ADDED ENTRY--UNIFORM TITLE
General subdivision Rsearch in Malayalam PoetryGeneral Stack
650 ## - SUBJECT ADDED ENTRY--TOPICAL TERM
Topical term or geographic name entry element Malayalam Literature
942 ## - ADDED ENTRY ELEMENTS (KOHA)
Koha item type BOOK
650 ## - SUBJECT ADDED ENTRY--TOPICAL TERM
Form subdivision Research in Malayalam LiteratureGeneralia
Holdings
Withdrawn status Lost status Source of classification or shelving scheme Damaged status Not for loan Home library Current library Date acquired Cost, normal purchase price Total Checkouts Full call number Barcode Shelving location Date last seen Date last checked out Price effective from Koha item type
    Dewey Decimal Classification     SB LIBRARY SB LIBRARY 18/11/2021 100.00 1 894.8121 PAV-A 00109876 GENERAL STACK 30/01/2026 22/01/2026 18/11/2021 BOOK

Powered by Koha